|
|
|
|
| LEADER |
00000nam0a2200000 4500 |
| 001 |
192969 |
| 005 |
20231101224443.0 |
| 010 |
|
|
|a 7301063725
|
| 035 |
|
|
|a (RuTPU)RU\TPU\book\210399
|
| 090 |
|
|
|a 192969
|
| 100 |
|
|
|a 20110311d2003 m y0rusy50 ca
|
| 101 |
0 |
|
|a chi
|
| 102 |
|
|
|a CN
|
| 105 |
|
|
|a y j 000zy
|
| 200 |
1 |
|
|a Цикл лекций Пекинского университета
|f под ред. Ли Юаньцзина
|
| 210 |
|
|
|a Пекин
|c Пекинский университет
|d 2003
|
| 215 |
|
|
|a 290 с.
|
| 300 |
|
|
|a Книга на китайском языке
|
| 606 |
1 |
|
|a Высшее образование
|x В отдельных зарубежных странах
|2 stltpush
|3 (RuTPU)RU\TPU\subj\3995
|9 32315
|
| 610 |
1 |
|
|a Китай
|
| 610 |
1 |
|
|a Пекин
|
| 610 |
1 |
|
|a университетское образование
|
| 610 |
1 |
|
|a университеты
|
| 610 |
1 |
|
|a искусство
|
| 610 |
1 |
|
|a образование
|
| 610 |
1 |
|
|a научная деятельность
|
| 686 |
|
|
|a Ч484(4/8)
|v LBC/SL-A
|2 rubbk
|
| 702 |
|
1 |
|a Ли Юаньцзин
|4 340
|
| 801 |
|
1 |
|a RU
|b 63413507
|c 20110311
|
| 801 |
|
2 |
|a RU
|b 63413507
|c 20150112
|g RCR
|
| 942 |
|
|
|c BK
|